MARC

LEADER 00000nam0a2200000 4500
001 284863
005 20231101235734.0
035 |a (RuTPU)RU\TPU\book\309055 
090 |a 284863 
100 |a 20150218d1985 k y0rusy50 ca 
101 0 |a rus 
102 |a RU 
105 |a a z 001zy 
200 1 |a Удокан (природные ресурсы и их освоение)  |f Академия наук СССР (АН СССР), Сибирское отделение (СО), Читинский институт природных ресурсов (ЧИПР) ; под ред. Л. Ф. Наркелюна 
210 |a Новосибирск  |c Наука  |d 1985 
215 |a 118 с.  |c ил. 
320 |a Библиография в конце статей 
606 |a Медные месторождения  |2 stltpush  |3 (RuTPU)RU\TPU\subj\41839  |9 61616 
610 1 |a Удокан 
610 1 |a природные ресурсы 
610 1 |a освоение 
610 1 |a долинные образования 
610 1 |a температурные инверсии 
610 1 |a сравнительная характеристика 
610 1 |a окисленные руды 
610 1 |a БАМ 
610 1 |a лесовосстановление 
610 1 |a пожары 
610 1 |a гидротермический режим 
675 |a 553.43  |v 4 
702 1 |a Наркелюн  |b Л. Ф.  |4 340 
712 0 2 |a Академия наук СССР (АН СССР)  |b Сибирское отделение (СО)  |b Читинский институт природных ресурсов (ЧИПР)  |c (1981-1991)  |2 stltpush  |3 (RuTPU)RU\TPU\col\13627 
801 1 |a RU  |b 63413507  |c 20150218 
801 2 |a RU  |b 63413507  |c 20171129  |g RCR 
942 |c BK